[Event "Titled Tuesday intern op 17th May Early"]
[Site "Chess.com INT"]
[Date "2022.05.17"]
[Round "8"]
[White "Delgado Ramirez, Neuris"]
[Black "Popadic, Dragan"]
[Result "1/2-1/2"]
[WhiteElo "2603"]
[BlackElo "2131"]
[PlyCount "134"]
[EventDate "2022.05.17"]
[EventType "swiss (blitz)"]
[EventRounds "11"]
[EventCountry "USA"]
[SourceTitle "CBM 208 Extra"]
[Source "ChessBase"]
[SourceDate "2022.07.31"]
[SourceVersion "1"]
[SourceVersionDate "2022.07.31"]
[SourceQuality "1"]

1. e4 c5 2. Nf3 Nc6 3. Bb5 e5 4. c3 Nge7 5. 0-0 a6 6. Ba4 b5 7. Bc2 d6 8. d4 Bg4 9. d5 Nb8 10. a4 Nd7 11. axb5 axb5 12. Rxa8 Qxa8 13. Na3 Qb8 14. Qe2 b4 15. Nc4 Ng6 16. h3 Bxf3 17. Qxf3 Be7 18. Ba4 Qc7 19. Bd2 bxc3 20. Bxc3 0-0 21. Ba5 Qc8 22. g3 Bd8 23. Nxd6 Qa6 24. Bxd8 Qxa4 25. Bg5 h6 26. Bc1 Nf6 27. Bxh6 Qa6 28. Bxg7 Kxg7 29. Nf5+ Kg8 30. h4 Kh7 31. h5 Nh8 32. d6 Rg8 33. Ne7 Qxd6 34. Nxg8 Kxg8 35. Rd1 Qe6 36. Rc1 c4 37. Qf5 Qxf5 38. exf5 Nxh5 39. Rxc4 f6 40. b4 Nf7 41. b5 Nd6 42. b6 Ng7 43. Rc8+ Kf7 44. Rc7+ Kf8 45. b7 Nxb7 46. Rxb7 Nxf5 47. Kg2 Ne7 48. Kf3 Kf7 49. Ke4 Ke6 50. Rb6+ Kf7 51. g4 Kg6 52. Re6 Kf7 53. Rd6 Kg6 54. f3 Ng8 55. Kd5 Nh6 56. Ke6 Nf7 57. Ra6 Ng5+ 58. Ke7 Nxf3 59. Rxf6+ Kg5 60. Rxf3 Kxg4 61. Rf1 e4 62. Ke6 e3 63. Ke5 e2 64. Ra1 Kf3 65. Kd4 Kf2 66. Kd3 e1Q 67. Rxe1 Kxe1 1/2-1/2

[Event "Titled Tuesday intern op 17th May Early"]
[Site "Chess.com INT"]
[Date "2022.05.17"]
[Round "2"]
[White "Popadic, Dragan"]
[Black "Kiseleva, Arina"]
[Result "1-0"]
[WhiteElo "2131"]
[BlackElo "1962"]
[PlyCount "91"]
[EventDate "2022.05.17"]
[EventType "swiss (blitz)"]
[EventRounds "11"]
[EventCountry "USA"]
[SourceTitle "CBM 208 Extra"]
[Source "ChessBase"]
[SourceDate "2022.07.31"]
[SourceVersion "1"]
[SourceVersionDate "2022.07.31"]
[SourceQuality "1"]

1. e4 c6 2. d4 d5 3. Nd2 dxe4 4. Nxe4 Nf6 5. Ng3 e6 6. Nf3 Bd6 7. c3 Nbd7 8. Qc2 0-0 9. Bd3 e5 10. dxe5 Nxe5 11. Nxe5 Bxe5 12. 0-0 h6 13. Be3 Nd5 14. Bd2 Bf4 15. c4 Bxd2 16. cxd5 Bf4 17. dxc6 bxc6 18. Rad1 Qb6 19. b3 Bg4 20. Be2 Bxe2 21. Qxe2 Rfe8 22. Qf3 Bg5 23. Rd7 Re7 24. Rfd1 Rae8 25. h3 Bh4 26. Rxe7 Bxe7 27. Re1 Qb4 28. Qe2 Kf8 29. Nf5 g6 30. Nxh6 Qh4 31. Ng4 Qg5 32. Qe3 Qxe3 33. Rxe3 Rd8 34. g3 Rd1+ 35. Kg2 Ra1 36. a4 Ra3 37. Rf3 Bc5 38. Ne5 f5 39. Nxg6+ Kg7 40. Nh4 Kf6 41. Nxf5 Ke5 42. Ne3 Ra2 43. Ng4+ Ke4 44. h4 Rb2 45. h5 Rb1 46. h6 1-0

[Event "Titled Tuesday intern op 03rd May Early"]
[Site "Chess.com INT"]
[Date "2022.05.03"]
[Round "10"]
[White "Popadic, Dragan"]
[Black "Khabinets, Ivan"]
[Result "0-1"]
[WhiteElo "2131"]
[BlackElo "1980"]
[PlyCount "68"]
[EventDate "2022.05.03"]
[EventType "swiss (blitz)"]
[EventRounds "11"]
[EventCountry "USA"]
[SourceTitle "CBM 208 Extra"]
[Source "ChessBase"]
[SourceDate "2022.07.31"]
[SourceVersion "1"]
[SourceVersionDate "2022.07.31"]
[SourceQuality "1"]

1. e4 c5 2. Nc3 Nc6 3. f4 e6 4. Nf3 Nf6 5. Bb5 Qc7 6. Bxc6 Qxc6 7. d3 d5 8. Qe2 Be7 9. Ne5 Qc7 10. 0-0 0-0 11. Bd2 b6 12. exd5 Nxd5 13. Ne4 Bb7 14. Qh5 Nf6 15. Nxf6+ Bxf6 16. Bc3 g6 17. Qh3 h5 18. Qg3 Kg7 19. Rae1 b5 20. b3 a5 21. Ba1 a4 22. Kh1 axb3 23. axb3 Ra2 24. Qf2 Rfa8 25. Rc1 Qa5 26. Qg1 h4 27. h3 Qd2 28. Nf3 Bxf3 29. Bxf6+ Kxf6 30. Rxf3 Rxc2 31. Rxc2 Qxc2 32. Qe1 Ra2 33. Qe5+ Ke7 34. Qc7+ Kf8 0-1

[Event "Titled Tuesday intern op 03rd May Early"]
[Site "Chess.com INT"]
[Date "2022.05.03"]
[Round "9"]
[White "Popadic, Dragan"]
[Black "Legenia, Artem"]
[Result "1-0"]
[WhiteElo "2131"]
[BlackElo "2092"]
[PlyCount "51"]
[EventDate "2022.05.03"]
[EventType "swiss (blitz)"]
[EventRounds "11"]
[EventCountry "USA"]
[SourceTitle "CBM 208 Extra"]
[Source "ChessBase"]
[SourceDate "2022.07.31"]
[SourceVersion "1"]
[SourceVersionDate "2022.07.31"]
[SourceQuality "1"]

1. e4 d5 2. exd5 Qxd5 3. Nc3 Qa5 4. d4 Nf6 5. Nf3 Bg4 6. h3 Bxf3 7. Qxf3 c6 8. Bd2 Qc7 9. 0-0-0 e6 10. Bd3 Nbd7 11. g4 Bb4 12. g5 Nd5 13. Ne4 Bxd2+ 14. Rxd2 N7b6 15. a3 0-0-0 16. Nc5 Qf4 17. Qg2 Ne7 18. c3 Nf5 19. Kc2 Nh4 20. Qg3 Qxg3 21. fxg3 Nf3 22. Rf2 Nxg5 23. h4 h6 24. hxg5 hxg5 25. Rxh8 Rxh8 26. Rxf7 1-0

[Event "Titled Tuesday intern op 03rd May Early"]
[Site "Chess.com INT"]
[Date "2022.05.03"]
[Round "1"]
[White "Popadic, Dragan"]
[Black "Perez Gormaz, Matias Ariel"]
[Result "1/2-1/2"]
[WhiteElo "2131"]
[BlackElo "2387"]
[PlyCount "54"]
[EventDate "2022.05.03"]
[EventType "swiss (blitz)"]
[EventRounds "11"]
[EventCountry "USA"]
[SourceTitle "CBM 208 Extra"]
[Source "ChessBase"]
[SourceDate "2022.07.31"]
[SourceVersion "1"]
[SourceVersionDate "2022.07.31"]
[SourceQuality "1"]

1. e4 c5 2. Nc3 Nc6 3. f4 g6 4. Nf3 Bg7 5. Bc4 e6 6. f5 Nge7 7. fxe6 fxe6 8. d3 0-0 9. 0-0 h6 10. Bb3 Kh7 11. Qe1 Nd4 12. Nxd4 cxd4 13. Ne2 Rxf1+ 14. Qxf1 Nc6 15. Bd2 Qe7 16. Qf3 d6 17. Rf1 Bd7 18. Qf7 Rf8 19. Qxe7 Rxf1+ 20. Kxf1 Nxe7 21. Nf4 e5 22. Nd5 Nc6 23. a3 g5 24. Nb4 Ne7 25. Nd5 Nc6 26. Nb4 Nd8 27. Nd5 Nc6 1/2-1/2

[Event "Titled Tuesday intern op 26th Apr Early"]
[Site "Chess.com INT"]
[Date "2022.04.26"]
[Round "11"]
[White "Belozerov, Andrei"]
[Black "Popadic, Dragan"]
[Result "0-1"]
[WhiteElo "2462"]
[BlackElo "2131"]
[PlyCount "100"]
[EventDate "2022.04.26"]
[EventType "swiss (blitz)"]
[EventRounds "11"]
[EventCountry "USA"]
[SourceTitle "CBM 208 Extra"]
[Source "ChessBase"]
[SourceDate "2022.07.31"]
[SourceVersion "1"]
[SourceVersionDate "2022.07.31"]
[SourceQuality "1"]

1. e4 c5 2. Nf3 Nc6 3. d4 cxd4 4. Nxd4 Nf6 5. Nc3 e5 6. Ndb5 d6 7. Bg5 a6 8. Na3 b5 9. Nd5 Be7 10. Bxf6 Bxf6 11. c3 0-0 12. Nc2 Bg5 13. a4 bxa4 14. Rxa4 a5 15. Bc4 Rb8 16. b3 Kh8 17. Nce3 g6 18. h4 Bxe3 19. Nxe3 h5 20. Ra2 Qe7 21. Rd2 Rd8 22. 0-0 Be6 23. Bxe6 Qxe6 24. Nc4 Kg7 25. Rd5 Rb7 26. Qc2 Qe7 27. Rfd1 Qxh4 28. Nxd6 Rbb8 29. Rc5 Ne7 30. Rc7 Kf8 31. Qe2 Rxb3 32. Qc4 Rxd6 33. Qxb3 Rf6 34. Qc2 Ng8 35. Rdd7 Nh6 36. Qd2 Ng4 37. f3 Qh2+ 38. Kf1 Qh1+ 39. Ke2 Qxg2+ 40. Kd3 Qxf3+ 41. Kc4 Kg7 42. Kb3 Qf1 43. Qd5 Rb6+ 44. Kc2 Ne3+ 45. Kd2 Nxd5 46. Rxf7+ Qxf7 47. Rxf7+ Kxf7 48. exd5 Ke7 49. c4 Kd6 50. Kc3 Kc5 0-1

[Event "Titled Tuesday intern op 26th Apr Early"]
[Site "Chess.com INT"]
[Date "2022.04.26"]
[Round "9"]
[White "Maksimovic, Bojan"]
[Black "Popadic, Dragan"]
[Result "1-0"]
[WhiteElo "2455"]
[BlackElo "2131"]
[PlyCount "129"]
[EventDate "2022.04.26"]
[EventType "swiss (blitz)"]
[EventRounds "11"]
[EventCountry "USA"]
[SourceTitle "CBM 208 Extra"]
[Source "ChessBase"]
[SourceDate "2022.07.31"]
[SourceVersion "1"]
[SourceVersionDate "2022.07.31"]
[SourceQuality "1"]

1. d4 Nf6 2. c4 g6 3. Nc3 Bg7 4. e4 d6 5. Nf3 0-0 6. Be2 e5 7. d5 a5 8. Be3 Na6 9. Nd2 Nd7 10. g4 Ndc5 11. h4 c6 12. h5 Re8 13. Nf1 cxd5 14. cxd5 Bd7 15. a4 Rc8 16. Ra3 Nb4 17. Ng3 Qe7 18. Qd2 Bf6 19. g5 Bg7 20. Kf1 Red8 21. Kg2 Qe8 22. Nb5 Qe7 23. Nc3 Qe8 24. Rc1 Bf8 25. h6 Be7 26. Rf1 f6 27. f4 exf4 28. Bxf4 fxg5 29. Bxg5 Bxg5 30. Qxg5 Nbd3 31. Bxd3 Nxd3 32. Nce2 Ne5 33. Nh5 Ng4 34. Nf6+ Nxf6 35. Qxf6 Qf8 36. Qxf8+ Rxf8 37. Nd4 Rc4 38. Rxf8+ Kxf8 39. Rd3 Rxa4 40. Kf3 Ke7 41. Ke3 Rb4 42. Rc3 Rxb2 43. Rc7 Kd8 44. Rc1 Rb4 45. Rf1 Ke7 46. Rc1 Kd8 47. Rf1 Ke7 48. Nf3 Rb3+ 49. Kd4 a4 50. Ng5 a3 51. Rf7+ Ke8 52. Rxh7 a2 53. Rh8+ Ke7 54. Ra8 Rb2 55. h7 Rh2 56. Rxa2 Rh5 57. Ra8 Kf6 58. h8Q+ Rxh8 59. Rxh8 Kxg5 60. Rd8 Ba4 61. Rxd6 b5 62. Rb6 Kh5 63. d6 Kg5 64. d7 b4 65. d8Q+ 1-0

[Event "Titled Tuesday intern op 26th Apr Early"]
[Site "Chess.com INT"]
[Date "2022.04.26"]
[Round "6"]
[White "Popadic, Dragan"]
[Black "Lewicki, Miroslaw"]
[Result "1-0"]
[WhiteElo "2131"]
[BlackElo "2340"]
[PlyCount "45"]
[EventDate "2022.04.26"]
[EventType "swiss (blitz)"]
[EventRounds "11"]
[EventCountry "USA"]
[SourceTitle "CBM 208 Extra"]
[Source "ChessBase"]
[SourceDate "2022.07.31"]
[SourceVersion "1"]
[SourceVersionDate "2022.07.31"]
[SourceQuality "1"]

1. e4 f6 2. d4 g6 3. Bd3 e5 4. dxe5 fxe5 5. h4 Nf6 6. h5 Bg7 7. hxg6 hxg6 8. Rxh8+ Bxh8 9. Bg5 d6 10. Nc3 Nc6 11. Qd2 Be6 12. 0-0-0 Qd7 13. Nf3 0-0-0 14. Rh1 Bg7 15. Nd5 Rf8 16. Bb5 Nxe4 17. Bxc6 bxc6 18. Ne7+ Kb7 19. Qb4+ Ka8 20. Qa4 Nc5 21. Qxc6+ Qxc6 22. Nxc6 Bd5 23. Nb4 1-0

[Event "Titled Tuesday intern op 19th Apr Early"]
[Site "Chess.com INT"]
[Date "2022.04.19"]
[Round "1"]
[White "Popadic, Dragan"]
[Black "Pakleza, Zbigniew"]
[Result "0-1"]
[WhiteElo "2131"]
[BlackElo "2505"]
[PlyCount "78"]
[EventDate "2022.04.19"]
[EventType "swiss (blitz)"]
[EventRounds "11"]
[EventCountry "USA"]
[SourceTitle "EXT 2023"]
[Source "ChessBase"]
[SourceDate "2022.10.05"]
[SourceVersion "1"]
[SourceVersionDate "2022.10.05"]
[SourceQuality "1"]

1. e4 d6 2. Nc3 Nf6 3. f4 d5 4. e5 d4 5. exf6 dxc3 6. bxc3 exf6 7. d4 Bd6 8. Nf3 0-0 9. Be2 b6 10. 0-0 Bb7 11. Bd3 Re8 12. Bd2 Nc6 13. Re1 Ne7 14. Qe2 Qd7 15. Qf2 Ng6 16. Nh4 Qa4 17. Nf5 Bf8 18. h3 Rxe1+ 19. Bxe1 Re8 20. Bd2 Bd5 21. Qf1 c6 22. c4 Be4 23. Ng3 Bxd3 24. Qxd3 Nh4 25. Qb3 Qa6 26. Qd3 Rd8 27. Kh2 Qa4 28. Be3 b5 29. cxb5 cxb5 30. Qb3 Qa5 31. a4 a6 32. Ra2 b4 33. Ra1 Rc8 34. Bd2 Ng6 35. Rb1 h5 36. f5 h4 37. fxg6 hxg3+ 38. Kxg3 Qc7+ 39. Kf2 a5 0-1

[Event "Titled Tuesday intern op 19th Apr Early"]
[Site "Chess.com INT"]
[Date "2022.04.19"]
[Round "5"]
[White "Vokarev, Sergey"]
[Black "Popadic, Dragan"]
[Result "0-1"]
[WhiteElo "2437"]
[BlackElo "2131"]
[PlyCount "102"]
[EventDate "2022.04.19"]
[EventType "swiss (blitz)"]
[EventRounds "11"]
[EventCountry "USA"]
[SourceTitle "EXT 2023"]
[Source "ChessBase"]
[SourceDate "2022.10.05"]
[SourceVersion "1"]
[SourceVersionDate "2022.10.05"]
[SourceQuality "1"]

1. e4 c5 2. Nf3 Nc6 3. d4 cxd4 4. Nxd4 Nf6 5. Nc3 e5 6. Ndb5 d6 7. Bg5 a6 8. Na3 b5 9. Nd5 Be7 10. Bxf6 Bxf6 11. c4 b4 12. Nc2 0-0 13. Qf3 Bg5 14. h4 Bh6 15. Rd1 Rb8 16. b3 a5 17. Be2 Kh8 18. g4 Bf4 19. Nxf4 exf4 20. Qxf4 Ne5 21. g5 Qe7 22. h5 Bb7 23. Ne3 Rbd8 24. Nf5 Qe6 25. Kf1 g6 26. Ne3 f5 27. gxf6 Rxf6 28. Qh4 g5 29. Qxg5 Bxe4 30. Rg1 Rg8 31. Qxg8+ Qxg8 32. Rxg8+ Kxg8 33. Rd4 Bb7 34. Ng4 Nxg4 35. Bxg4 Kf7 36. c5 Ke7 37. cxd6+ Rxd6 38. Rxd6 Kxd6 39. Ke2 Be4 40. Ke3 Bb1 41. Kd4 h6 42. Be2 Bxa2 43. Bd1 Bb1 44. f4 Bf5 45. Be2 Be6 46. Bc4 Bg4 47. Bf7 Bd1 48. f5 a4 49. bxa4 Bxa4 50. Kc4 Bd7 51. f6 Ke5 0-1

[Event "Titled Tuesday intern op 22 Mar Early"]
[Site "Chess.com INT"]
[Date "2022.03.22"]
[Round "11"]
[White "Popadic, Dragan"]
[Black "Agasarov, Benik"]
[Result "1-0"]
[WhiteElo "2143"]
[BlackElo "2249"]
[PlyCount "201"]
[EventDate "2022.03.22"]
[EventType "swiss (blitz)"]
[EventRounds "11"]
[EventCountry "USA"]
[SourceTitle "CBM 207 Extra"]
[Source "ChessBase"]
[SourceDate "2022.05.31"]
[SourceVersion "1"]
[SourceVersionDate "2022.05.31"]
[SourceQuality "1"]

1. e4 c5 2. Nc3 e6 3. d3 Nc6 4. g4 d5 5. Bg2 d4 6. Nce2 e5 7. Ng3 Be7 8. Nh3 g6 9. f4 Bh4 10. 0-0 Nf6 11. f5 Bd7 12. g5 Ng8 13. Qg4 Bxg3 14. Qxg3 Nge7 15. f6 Nc8 16. Nf2 Nd6 17. Bh3 Bxh3 18. Qxh3 Qd7 19. Ng4 0-0-0 20. Bd2 Rdg8 21. Qg3 Qe6 22. a3 b6 23. b4 c4 24. Rab1 c3 25. Bc1 Re8 26. Rb3 Kb7 27. a4 Qd7 28. Ba3 Re6 29. b5 Na5 30. Rbb1 Rhe8 31. Bb4 Nac4 32. dxc4 Nxc4 33. Rbd1 Nd2 34. Rxd2 cxd2 35. Bxd2 Qc7 36. Rc1 Qc4 37. a5 Qxb5 38. axb6 Rxb6 39. Qe1 Qc5 40. Nf2 Rc8 41. Nd3 Qd6 42. Qg3 Rb5 43. Qe1 Qb6 44. Kf2 Re8 45. Kg3 Qc6 46. Qe2 Qc4 47. Qf1 Rc8 48. Qd1 Rb6 49. Be1 Qc6 50. Kg2 Qxe4+ 51. Qf3 Qxf3+ 52. Kxf3 Re8 53. Ke4 Rb5 54. Bg3 Re6 55. Bxe5 a5 56. Kxd4 Rc6 57. h4 a4 58. h5 a3 59. hxg6 hxg6 60. Ra1 Ra5 61. Ra2 Ra4+ 62. Ke3 Rcc4 63. Bf4 Kc6 64. Ne5+ Kd5 65. Nxc4 Kxc4 66. Kd2 Kb5 67. Be3 Ra8 68. c3 Ka4 69. Bd4 Kb3 70. Ra1 Kb2 71. Re1 a2 72. c4+ Kb3 73. Kd3 Rc8 74. Re7 Rxc4 75. Ra7 Rb4 76. Be5 Rb5 77. Ke4 Rb4+ 78. Kd5 Rb5+ 79. Kd6 Rb6+ 80. Ke7 Re6+ 81. Kxf7 Rxe5 82. Kxg6 Kb2 83. f7 Re6+ 84. Kg7 Re7 85. Rxa2+ Kxa2 86. g6 Kb3 87. Kg8 Re6 88. g7 Ra6 89. f8Q Kc3 90. Qc8+ Rc6 91. Qxc6+ Kd4 92. Kf7 Ke5 93. g8Q Kf5 94. Qgg6+ Kf4 95. Qcf6+ Ke3 96. Qg3+ Ke4 97. Qff4+ Kd5 98. Qd3+ Kc6 99. Qfc4+ Kb7 100. Qdb3+ Ka7 101. Qca4# 1-0

[Event "Titled Tuesday intern op 22 Mar Early"]
[Site "Chess.com INT"]
[Date "2022.03.22"]
[Round "4"]
[White "Popadic, Dragan"]
[Black "Bodnaruk, Anastasia"]
[Result "0-1"]
[WhiteElo "2143"]
[BlackElo "2392"]
[PlyCount "102"]
[EventDate "2022.03.22"]
[EventType "swiss (blitz)"]
[EventRounds "11"]
[EventCountry "USA"]
[SourceTitle "CBM 207 Extra"]
[Source "ChessBase"]
[SourceDate "2022.05.31"]
[SourceVersion "1"]
[SourceVersionDate "2022.05.31"]
[SourceQuality "1"]

1. e4 c5 2. Nc3 d6 3. f4 g6 4. Nf3 Bg7 5. Bc4 Nc6 6. d3 e6 7. 0-0 Nge7 8. Qe1 0-0 9. f5 gxf5 10. Qh4 Ng6 11. Qh5 Nce5 12. exf5 exf5 13. Ng5 h6 14. Nh3 Nxc4 15. dxc4 Qh4 16. Qd1 Be6 17. Nd5 Qxc4 18. Ndf4 Rad8 19. c3 d5 20. Qh5 Ne5 21. Nxe6 fxe6 22. Bxh6 Qg4 23. Qxg4 Nxg4 24. Bxg7 Kxg7 25. Nf4 Rfe8 26. Rfe1 e5 27. Nd3 c4 28. Nf2 Nxf2 29. Kxf2 d4 30. g3 Kf6 31. Rad1 d3 32. Ke3 Rh8 33. h4 Rdg8 34. Rg1 Rg4 35. b3 b5 36. a4 a6 37. axb5 axb5 38. bxc4 bxc4 39. Ra1 Rhg8 40. Ra6+ Ke7 41. Kf2 f4 42. Rb1 fxg3+ 43. Kg2 Rd8 44. Rh6 Rg7 45. Rb7+ Rd7 46. Rbb6 d2 47. Rhe6+ Kd8 48. Rb8+ Kc7 49. Reb6 d1Q 50. R8b7+ Kd8 51. Rb8+ Ke7 0-1

[Event "Titled Tuesday intern op 22 Mar Early"]
[Site "Chess.com INT"]
[Date "2022.03.22"]
[Round "3"]
[White "Popadic, Dragan"]
[Black "Dahlgren, James Allen"]
[Result "1-0"]
[WhiteElo "2143"]
[BlackElo "1858"]
[PlyCount "61"]
[EventDate "2022.03.22"]
[EventType "swiss (blitz)"]
[EventRounds "11"]
[EventCountry "USA"]
[SourceTitle "CBM 207 Extra"]
[Source "ChessBase"]
[SourceDate "2022.05.31"]
[SourceVersion "1"]
[SourceVersionDate "2022.05.31"]
[SourceQuality "1"]

1. e4 e6 2. Nf3 c5 3. b4 cxb4 4. d4 d5 5. e5 f5 6. a3 bxa3 7. c3 Ne7 8. Bd3 Nbc6 9. g4 g6 10. gxf5 Nxf5 11. Bxf5 exf5 12. Bg5 Qa5 13. Bf6 Rg8 14. 0-0 b6 15. Re1 Ba6 16. e6 Be7 17. Bxe7 Kxe7 18. Rxa3 Qb5 19. Qd2 Rae8 20. Qg5+ Kd6 21. Nbd2 Rxe6 22. Qf4+ Kd7 23. Rxe6 Kxe6 24. Qc7 Ne7 25. Ra1 Re8 26. Qxa7 Bc8 27. Re1+ Kf6 28. Qc7 Qd7 29. Qe5+ Kf7 30. Ng5+ Kg8 31. Ndf3 1-0

[Event "Titled Tuesday intern op 22 Mar Early"]
[Site "Chess.com INT"]
[Date "2022.03.22"]
[Round "6"]
[White "Popadic, Dragan"]
[Black "Omariev, Maksim"]
[Result "0-1"]
[WhiteElo "2143"]
[BlackElo "2304"]
[PlyCount "84"]
[EventDate "2022.03.22"]
[EventType "swiss (blitz)"]
[EventRounds "11"]
[EventCountry "USA"]
[SourceTitle "CBM 207 Extra"]
[Source "ChessBase"]
[SourceDate "2022.05.31"]
[SourceVersion "1"]
[SourceVersionDate "2022.05.31"]
[SourceQuality "1"]

1. e4 c5 2. Nc3 d6 3. f4 Nc6 4. Nf3 g6 5. Bc4 Bg7 6. d3 e6 7. 0-0 Nge7 8. Qe1 h6 9. Bb3 a6 10. a4 b6 11. Ne2 Bd7 12. c3 b5 13. Kh1 d5 14. exd5 exd5 15. d4 c4 16. Bc2 0-0 17. Ne5 b4 18. Nxd7 Qxd7 19. Qh4 b3 20. Bb1 f5 21. Ng1 Nc8 22. Nf3 Nd6 23. Ne5 Qe8 24. Qg3 Kh7 25. Bd2 Nb7 26. Qh3 Nbd8 27. g4 Qe6 28. gxf5 gxf5 29. Rg1 Ne7 30. Be1 Nf7 31. Bh4 Nd6 32. a5 Bf6 33. Bg5 Bxg5 34. fxg5 Rg8 35. Ra4 Rg7 36. Rb4 Nb5 37. g6+ Kg8 38. Qxh6 Rf8 39. Rxb5 axb5 40. a6 Qxa6 41. Qh4 Qf6 42. Qh5 Qe6 0-1

[Event "Titled Tuesday intern op 22 Mar Early"]
[Site "Chess.com INT"]
[Date "2022.03.22"]
[Round "5"]
[White "Vine, Elzbieta"]
[Black "Popadic, Dragan"]
[Result "0-1"]
[WhiteElo "2138"]
[BlackElo "2143"]
[PlyCount "54"]
[EventDate "2022.03.22"]
[EventType "swiss (blitz)"]
[EventRounds "11"]
[EventCountry "USA"]
[SourceTitle "CBM 207 Extra"]
[Source "ChessBase"]
[SourceDate "2022.05.31"]
[SourceVersion "1"]
[SourceVersionDate "2022.05.31"]
[SourceQuality "1"]

1. e4 c5 2. Nf3 Nc6 3. d4 cxd4 4. Nxd4 Nf6 5. Nc3 e5 6. Ndb5 d6 7. Bg5 a6 8. Na3 b5 9. Nd5 Be7 10. Bxf6 Bxf6 11. c4 b4 12. Nc2 0-0 13. Bd3 Rb8 14. 0-0 b3 15. Nce3 Nd4 16. Nf5 Bxf5 17. exf5 a5 18. axb3 Rxb3 19. Nxf6+ Qxf6 20. Rxa5 Rxb2 21. Qa1 Rd2 22. Be4 Qh4 23. Ra2 Rxa2 24. Qxa2 Qxe4 25. f6 gxf6 26. Qd2 Qg6 27. Re1 Nf3+ 0-1

[Event "Titled Tuesday intern op 15 Mar Early"]
[Site "Chess.com INT"]
[Date "2022.03.15"]
[Round "5"]
[White "Migot, Tangi"]
[Black "Popadic, Dragan"]
[Result "0-1"]
[WhiteElo "2353"]
[BlackElo "2143"]
[PlyCount "112"]
[EventDate "2022.03.15"]
[EventType "swiss (blitz)"]
[EventRounds "11"]
[EventCountry "USA"]
[SourceTitle "CBM 207 Extra"]
[Source "ChessBase"]
[SourceDate "2022.05.31"]
[SourceVersion "1"]
[SourceVersionDate "2022.05.31"]
[SourceQuality "1"]

1. e4 c5 2. Nf3 Nc6 3. g3 g6 4. Bg2 Bg7 5. 0-0 d6 6. Nc3 Nf6 7. Rb1 0-0 8. a3 h6 9. b4 cxb4 10. axb4 Be6 11. b5 Ne5 12. Nd4 Bc8 13. d3 Rb8 14. h3 e6 15. f4 Ned7 16. Be3 Qe7 17. Ra1 Ra8 18. Ra2 e5 19. Nde2 b6 20. f5 Nc5 21. g4 Bb7 22. Ng3 a5 23. bxa6 Rxa6 24. Rxa6 Bxa6 25. Qd2 Kh7 26. g5 hxg5 27. Bxg5 Qe8 28. Bxf6 Bxf6 29. Nd5 Bg7 30. f6 Bh6 31. Qb4 b5 32. Ra1 Qc6 33. Nf1 Nd7 34. Qb3 Bb7 35. Kh1 Nb6 36. Nfe3 Nxd5 37. Nxd5 Qd7 38. Ra7 Qc6 39. Ne7 Qb6 40. Qa3 d5 41. Nxd5 Bxd5 42. exd5 Qxf6 43. Qa1 Bf4 44. d6 Qxd6 45. Qf1 Qb6 46. Rd7 Qe3 47. Be4 Qg3 48. Qg2 Qe1+ 49. Qg1 Qe3 50. Qxe3 Bxe3 51. Rb7 Kg7 52. Rxb5 Rc8 53. c4 Bd4 54. Rb7 Rc5 55. Bd5 Ra5 56. Rxf7+ Kh6 0-1

[Event "Titled Tuesday intern op 15 Mar Early"]
[Site "Chess.com INT"]
[Date "2022.03.15"]
[Round "2"]
[White "Molina, Roberto Junio Brito"]
[Black "Popadic, Dragan"]
[Result "1-0"]
[WhiteElo "2401"]
[BlackElo "2143"]
[PlyCount "69"]
[EventDate "2022.03.15"]
[EventType "swiss (blitz)"]
[EventRounds "11"]
[EventCountry "USA"]
[SourceTitle "CBM 207 Extra"]
[Source "ChessBase"]
[SourceDate "2022.05.31"]
[SourceVersion "1"]
[SourceVersionDate "2022.05.31"]
[SourceQuality "1"]

1. d4 Nf6 2. c4 g6 3. Nc3 Bg7 4. e4 d6 5. f3 0-0 6. Be3 c5 7. Nge2 Nc6 8. Qd2 e6 9. 0-0-0 Qa5 10. Kb1 a6 11. d5 exd5 12. Nxd5 Nxd5 13. cxd5 Qxd2 14. Rxd2 Ne5 15. Nc3 b5 16. Be2 f5 17. f4 Nf7 18. exf5 Bxf5+ 19. Bd3 Bxd3+ 20. Rxd3 Rfe8 21. Nd1 Re7 22. g4 Rae8 23. h3 c4 24. Ra3 b4 25. Rxa6 Rxe3 26. Nxe3 Rxe3 27. Ra8+ Bf8 28. Rb8 b3 29. a4 c3 30. bxc3 Rxc3 31. Rc1 Rf3 32. Rcc8 Rxf4 33. Rxf8+ Kg7 34. a5 Ne5 35. Rxf4 1-0

[Event "Titled Tuesday intern op 15 Mar Early"]
[Site "Chess.com INT"]
[Date "2022.03.15"]
[Round "6"]
[White "Popadic, Dragan"]
[Black "Goryachkina, Aleksandra"]
[Result "1/2-1/2"]
[WhiteElo "2143"]
[BlackElo "2610"]
[PlyCount "148"]
[EventDate "2022.03.15"]
[EventType "swiss (blitz)"]
[EventRounds "11"]
[EventCountry "USA"]
[SourceTitle "CBM 207 Extra"]
[Source "ChessBase"]
[SourceDate "2022.05.31"]
[SourceVersion "1"]
[SourceVersionDate "2022.05.31"]
[SourceQuality "1"]

1. e4 e6 2. Nf3 d5 3. e5 c5 4. b4 b6 5. a3 Bb7 6. c3 d4 7. Bb5+ Nd7 8. cxd4 a6 9. Bxd7+ Qxd7 10. dxc5 bxc5 11. bxc5 Bxc5 12. 0-0 Ne7 13. d4 Ba7 14. Be3 0-0 15. Nbd2 Nf5 16. Nb3 Rac8 17. Rc1 Bd5 18. Nc5 Bxc5 19. dxc5 Nxe3 20. fxe3 Qe7 21. Qc2 Rc7 22. Nd4 Rfc8 23. c6 Qg5 24. e4 Qxe5 25. exd5 Qxd4+ 26. Kh1 Qxd5 27. Rfd1 Qg5 28. Qe4 h6 29. h3 Qb5 30. a4 Qg5 31. Rc2 g6 32. Rdc1 Qf5 33. Qc4 a5 34. Qb5 Rd8 35. Rc5 Qf2 36. Qxa5 Rd2 37. Rg1 Rc8 38. c7 Rc2 39. Rxc2 Qxc2 40. Ra1 Qxc7 41. Qxc7 Rxc7 42. a5 Kf8 43. a6 Ra7 44. Kg1 Ke7 45. Kf2 Kd6 46. Ke3 Kc5 47. Ke4 Kb5 48. Ke5 Rxa6 49. Rb1+ Kc4 50. Kf6 Ra7 51. Rd1 Kc3 52. g4 Kc2 53. Rd8 Rc7 54. Rh8 h5 55. gxh5 gxh5 56. Rxh5 Kd3 57. Rg5 Kd4 58. h4 e5 59. Rxe5 Rc6+ 60. Kf5 Rh6 61. Re4+ Kd5 62. Rg4 f6 63. Ra4 Kd6 64. Rd4+ Ke7 65. Rd1 Kf8 66. Rd4 Ke7 67. Re4+ Kf7 68. Ra4 Rh5+ 69. Kg4 Kg6 70. Rb4 Re5 71. Rc4 Rd5 72. Rb4 Re5 73. Rc4 Rd5 74. Rb4 Re5 1/2-1/2

[Event "Titled Tuesday intern op 15 Mar Early"]
[Site "Chess.com INT"]
[Date "2022.03.15"]
[Round "3"]
[White "Popadic, Dragan"]
[Black "Manolache, Marius"]
[Result "0-1"]
[WhiteElo "2143"]
[BlackElo "2485"]
[PlyCount "64"]
[EventDate "2022.03.15"]
[EventType "swiss (blitz)"]
[EventRounds "11"]
[EventCountry "USA"]
[SourceTitle "CBM 207 Extra"]
[Source "ChessBase"]
[SourceDate "2022.05.31"]
[SourceVersion "1"]
[SourceVersionDate "2022.05.31"]
[SourceQuality "1"]

1. e4 c5 2. Nc3 a6 3. d3 Nc6 4. g4 d6 5. Bg2 g6 6. Nh3 Bg7 7. 0-0 Nd4 8. f4 e6 9. Ne2 Nxe2+ 10. Qxe2 h5 11. g5 Ne7 12. c3 Qc7 13. Bd2 b6 14. Rae1 Bb7 15. Kh1 0-0-0 16. b4 Kb8 17. Rc1 Rc8 18. a4 Qd7 19. a5 b5 20. c4 bxc4 21. dxc4 cxb4 22. Bxb4 Bd4 23. Rfd1 Bc5 24. Bc3 Rhd8 25. Bf6 Re8 26. Rb1 Ka7 27. Nf2 Nc6 28. Nd3 Bd4 29. Nb4 Bxf6 30. gxf6 Nxb4 31. Rxb4 Qc6 32. Rdb1 Rc7 0-1